| 000 | 01634cim a2200421 a 4500 | ||
|---|---|---|---|
| 001 | 12335267 | ||
| 003 | OSt | ||
| 005 | 20260129114116.0 | ||
| 007 | ss|lsnjlcmnnue | ||
| 008 | 010305s1999 caunnn d eng | ||
| 010 | _a 2001537179 | ||
| 020 | _a0140450270 | ||
| 035 | _a12335267 | ||
| 040 |
_aKABLIB _cKABLIB _dKABLIB |
||
| 050 | 0 | 0 | _aRYI 4859, etc. |
| 082 |
_223 _a822 _bSHA |
||
| 100 | 1 |
_aShaw, Bernard, _d1856-1950. _914876 |
|
| 245 | 1 | 4 |
_aThe doctor's dilemma _cby George Bernard Shaw. |
| 260 |
_aNew york _bpenguine _cc 1957 |
||
| 300 | _a187 p. : | ||
| 508 | _aDirected by Rosalind Ayres ; produced by L.A. Theatre Works. | ||
| 511 | 1 | _aMartin Jarvis, Roy Dotrice, Jennifer Dundas Lowe, Douglas Weston & Paxton Whitehead ; with supporting cast. | |
| 520 | _aPresents a satire of the medical profession in which a well-respected physician is forced to choose between saving either a bumbling friend or the con artist husband of the woman he loves. | ||
| 650 | 0 |
_aRadio plays. _914877 |
|
| 650 | 0 |
_aPhysicians _vDrama. _914878 |
|
| 655 | 7 |
_aDrama. _2lcgft _0https://id.loc.gov/authorities/genreForms/gf2014026297 _96222 |
|
| 700 | 1 |
_aAyres, Rosalind. _914879 |
|
| 700 | 1 |
_aJarvis, Martin. _4prf _914880 |
|
| 700 | 1 |
_aDotrice, Roy, _d1923-2017. _4prf _914881 |
|
| 700 | 1 |
_aLowe, Jennifer Dundas. _4prf _914882 |
|
| 700 | 1 |
_aWeston, Douglas. _4prf _914883 |
|
| 700 | 1 |
_aWhitehead, Paxton. _4prf _914884 |
|
| 710 | 2 |
_aL.A. Theatre Works. _914885 |
|
| 906 |
_a7 _bcbc _corignew _d3 _encip _f20 _gy-genmusic |
||
| 942 |
_2ddc _cBOOK |
||
| 999 |
_c5897 _d5897 |
||